00535nam a2200145Ia 4500008004100000082001600041100002000057245007700077260004100154300001000195600001500205942000700220952014500227999001700372250604s9999 xx 000 0 und d a891.439 YAS aYasmeen, Samina 0aRooh Tujhse Kalaam Karti Hai (روح تجھ سے کلام کرتی ہے) aLahore:bInheraf Publications,c2017 a128p. aLiterature cGB 00104070aUITUbUITUcGIFd2025-06-04eGifted by Anonymousl0o891.439 YASpG211r2025-06-04 16:03:08w2025-06-04yGBzGifted by Anonymous c31380d31380